00328nam a2200133Ia 4500008004100000020001500041041001200056082001600068100001500084245003600099260003700135300000800172650001400180221030s9999 xx 000 0 und d a8131700534 aEnglish a105.23bFau aL. Fausett 0aFundamentals of Neural Networks bPearson EducationaDelhic2006 a467 aComputers